Head Masters on Secondary Education (Record no. 494505)

000 -LEADER
fixed length control field 00359cam a22001097a 4500
008 - FIXED-LENGTH DATA ELEMENTS--GENERAL INFORMATION
fixed length control field 180718b xxu||||| |||| 00| 0 eng d
082 ## - DEWEY DECIMAL CLASSIFICATION NUMBER
Classification number P11x54
100 ## - MAIN ENTRY--PERSONAL NAME
Personal name India. Ministry of Education
245 ## - TITLE STATEMENT
Title Head Masters on Secondary Education
Statement of responsibility, etc. by Ministry of Education
260 ## - PUBLICATION, DISTRIBUTION, ETC.
Place of publication, distribution, etc. New Delhi
Name of publisher, distributor, etc. Ministry of EducationPresident's Press Rashtrapati Bhawan
Date of publication, distribution, etc.
300 ## - PHYSICAL DESCRIPTION
Extent 40p.
Holdings
Withdrawn status Lost status Damaged status Not for loan Permanent Location Current Location Date acquired Full call number Barcode Date last seen Price effective from Koha item type
        Indian Institute of Public Administration Indian Institute of Public Administration 2018-08-04 P11x54 GG32615 2018-08-04 2018-08-04 GG

Powered by Koha